000 00453nam a2200181Ia 4500
003 GCL
008 140319s9999 xx 000 0 eng d
040 _aGCL /
_cGCL
082 0 4 _a843
_bG G
100 1 _aGARY, ROMAIN
245 1 0 _aLA GRAND VESTIAIRE /
_cGARY, ROMAIN
260 _a[S.N] :
_bFOLIO ،
_c1994
300 _a304 P
490 _aCOLLECTION FOLIO CLASSIQUE
_v0
650 0 4 _aLITERATURE
650 0 4 _aFRENCH LITERATURE
942 _2ddc
_cBK
999 _c21494
_d21494